Finish these Proverbs Which Exist in Other Languages - Statistics

General Stats
  • This quiz has been taken 81 times
  • The average score is 2 of 12
Answer Stats
Question Answer % Correct
Korean: Even monkeys fall from trees.
55%
Chinese: No matter how tall the mountain is, it cannot block the sun.
55%
Zulu: The leopard licks both its black and white spots.
45%
Arabic: Who gets burned by soup, blows on yogurt.
16%
Igbo: Tell a child to wash his body, he washes his stomach.
13%
Italian: Either eat this soup or jump out of this window.
10%
Japanese: Giving birth to a baby is easier than worrying about it.
10%
Hindi: Whenever you wake up, that’s your morning
10%
Polish: Pole and Hungarian - two brothers when it comes to the sword and the glass.
10%
Turkish: A cup of coffee has 40 years of worthiness.
6%
German: If the rider is no good, it’s the horse’s fault.
6%
Spanish: In the absence of bread, tortillas are good.
6%
No matching quizzes found
Score Distribution
Percent of People with Each Score
Percentile by Number Answered
Your Score History
You have not taken this quiz